Charu Sheel Singh collected poems (1975-2003) / (Record no. 14808)

MARC details
000 -LEADER
fixed length control field 00876nam a22002417a 4500
005 - DATE AND TIME OF LATEST TRANSACTION
control field 20080811141834.0
008 - FIXED-LENGTH DATA ELEMENTS--GENERAL INFORMATION
fixed length control field 080811t xxu||||| |||| 00| p eng d
010 ## - LCCN (DPL NO)
LC control number ENG-90708
020 ## - INTERNATIONAL STANDARD BOOK NUMBER
Terms of availability 350.00
International Standard Book Number 9788184350456
035 ## - SYSTEM CONTROL NUMBER
System control number EN-74241
037 ## - SOURCE OF ACQUISITION
Source of stock number/acquisition DBAD / PUB
040 ## - CATALOGING SOURCE
Original cataloging agency DPL
Language of cataloging ENGLISH
082 ## - DEWEY DECIMAL CLASSIFICATION NUMBER
Classification number 881
100 ## - MAIN ENTRY--PERSONAL NAME
Personal name Charu Sheel Singh
245 ## - TITLE STATEMENT
Title Charu Sheel Singh collected poems (1975-2003) /
Statement of responsibility, etc by Charu Sheel Singh; introduction by O.P. Budholia
260 ## - PUBLICATION, DISTRIBUTION, ETC. (IMPRINT)
Place of publication, distribution, etc New Delhi
Name of publisher, distributor, etc Adhyayan Publishers & Distributors
Date of publication, distribution, etc 2008
300 ## - PHYSICAL DESCRIPTION
Extent xiv, 246p.
Dimensions 22 cm.(pbk)
600 ## - SUBJECT ADDED ENTRY--PERSONAL NAME
Personal name Charu Sheel Singh 1955-
650 ## - SUBJECT ADDED ENTRY--TOPICAL TERM
Topical term or geographic name as entry element English poetry
Chronological subdivision 1975-2003
700 ## - ADDED ENTRY--PERSONAL NAME
Personal name Mishra, Hridya Narayan
942 ## - ADDED ENTRY ELEMENTS (KOHA)
Source of classification or shelving scheme Dewey Decimal Classification
Item type English Books
Classification part 881
Call number suffix CHA
Holdings
Withdrawn status Lost status Source of classification or shelving scheme Damaged status Not for loan Collection code Home library Current library Date acquired Source of acquisition Cost, normal purchase price Total Checkouts Full call number Barcode Date last seen Cost, replacement price Koha item type
    Dewey Decimal Classification   Not For Loan Non-fiction D.B.Act.Division D.B.Act.Division 12/08/2008 DBAD / PUB 350.00   881 SIN EN-74241 15/09/2008 350.00 English Books

© Delhi Public Library
Hit Counter
free hit counter